Devine tous les Polytech de France - Statistiques

Statistiques générales
  • Ce quiz a été pris 39 fois
  • Le résultat moyen est 13 sur 16
Statistiques - réponses
Région Réponse % Correct
Hauts-de-France Lille
97%
Auvergne-Rhône-Alpes Lyon
94%
Provence-Alpes-Côte d'Azur Nice
94%
Ile-de-France Paris-Saclay
94%
Provence-Alpes-Côte d'Azur Marseille
90%
Auvergne-Rhône-Alpes Clermont
87%
Bourgogne Franche Comté Dijon
84%
Occitanie Montpellier
84%
Pays de la Loire Nantes
84%
Centre Val de Loire Orléans
84%
Grand Est Nancy
81%
Pays de la Loire Angers
77%
Auvergne-Rhône-Alpes Grenoble
77%
Ile-de-France Sorbonne
74%
Auvergne-Rhône-Alpes Annecy-Chambery
65%
Centre Val de Loire Tours
65%
Aucun quiz correspondant
Distribution des résultats
% des personnes avec chaque résultat
Percentile par nombre de réponses
Votre historique - résultats
Vous n’avez pas pris ce quiz